The Hyksos period in Egypt /

محفوظ في:

المؤلف الرئيسي: Booth, Charlotte (مؤلف)

التنسيق: كتاب

اللغة: English

منشور في: Princes Risborough : Shire, 2005.

سلاسل: Shire Egyptology ; 27.
ShirEgypt ; 27.

الموضوعات:

الوسوم: إضافة وسم

لا توجد وسوم, كن أول من يضع وسما على هذه التسجيلة!

رقم الطلب: DT57 .S25 v.27

LEADER 00879namaa2200301 4500
001 13343
003 OSt
005 20260422075635.0
008 130303s2005 enka b 001 0 eng d
020 |a 0747806381 
040 |c ARCE Library 
043 |a f-ua--- 
050 4 |a DT57 .S25 v.27 
100 1 |a Booth, Charlotte,  |e author 
245 1 4 |a The Hyksos period in Egypt /  |c Charlotte Booth.  
264 1 |a Princes Risborough :  |b Shire,  |c 2005. 
300 |a 56 pages :   |b illustrations (chiefly color) ;   |c 21 cm. 
490 1 |a Shire Egyptology ;   |v 27. 
490 1 |a ShirEgypt ;   |v 27. 
504 |a Includes bibliographical references and index.  
650 0 |a Hyksos. 
651 0 |a Egypt  |x History  |y To 332 B.C. 
651 0 |a Egypt  |x Antiquities.  
830 0 |a Shire Egyptology ;   |v 27. 
830 0 |a ShirEgypt ;   |v 27. 
901 |a reviewed 
942 |c BK  |2 lcc 
999 |c 13242  |d 13242